[Event "RUS Rapid GP Top 16 2018"]
[Site "Khanty-Mansiysk"]
[Date "2018.12.01"]
[Round "2"]
[White "Demidov, Mikhail"]
[Black "Kokarev, Dmitry"]
[Result "1/2-1/2"]
[WhiteElo "2586"]
[BlackElo "2698"]
[Annotator "TA"]
[PlyCount "152"]
[EventDate "2018.12.01"]
[EventType "swiss"]
[EventCountry "RUS"]
[SourceTitle "playchess.com"]
[Source "ChessBase"]
[SourceQuality "1"]

{[%evp 14,152,26,20,46,0,1,-5,10,0,0,-11,-12,-14,-14,-33,-33,-63,-59,-66,-57,-67,-40,-70,-66,-65,-53,-60,-55,-60,-40,-60,-38,-45,-46,-57,-46,-59,-56,-64,-61,-65,-63,-62,-67,-64,-70,-80,-62,-71,-63,-68,-56,-56,-56,-56,-56,-56,-56,-58,-56,-60,-45,-51,-50,-56,-56,-47,-56,-53,-23,-33,-13,-45,-47,-57,-57,-65,-45,-67,-55,-58,-58,-81,-66,-67,-65,-66,-51,-67,-67,-67,-67,-67,-67,-67,-67,-67,-67,-67,-67,-60,-54,-50,-38,-20,-36,-88,-87,-100,-53,-67,-27,-27,-8,-27,-8,-8,0,0,0,0,0,0,0,0,0,0,0,0,0,0,0,0,0,0,0,0,0,-8,8]} 1. d4 Nf6 2. Nf3 g6 3. Bf4 Bg7 4. e3 {[%cal Be2e3,Be3e4][%mdl 32]} d6 5. Be2 O-O 6. O-O c5 7. c3 {A48: 1 d4 Nf6 2 Nf3 g6: Torre, London and Colle Systems} (7. h3 b6 8. Nbd2 Bb7 9. c3 Nbd7 10. a4 a6 11. Bd3 cxd4 12. exd4 e5 13. dxe5 dxe5 14. Bxe5 Nxe5 15. Nxe5 Nh5 16. Ndf3 Bxe5 17. Nxe5 Bxg2 18. Bxg6 Nf4 19. Bxf7+ Rxf7 20. Nxf7 Kxf7 21. Qxd8 Rxd8 {0-1 (50) Karjakin,S (2773)-Grischuk,A (2766) Saint Louis 2018}) 7... Be6 8. Nbd2 {LiveBook: 3 Games} Nc6 9. e4 $146 {Hoping for d5.White is slightly better.} ({Predecessor:} 9. Bg5 d5 10. dxc5 d4 11. exd4 b6 12. cxb6 Qxb6 13. Nb3 a5 14. Qc2 Bf5 {½-½ (29) Srdanovic,J-Rudovic,M Vrnjacka Banja 2013}) 9... cxd4 10. cxd4 d5 11. e5 Ne4 12. Be3 f6 {[%cal Rf6e5]} 13. exf6 exf6 14. Bb5 Qd6 15. Bxc6 Qxc6 16. Qb3 Rfc8 17. Rfd1 Qd7 18. Rdc1 Bf8 (18... h6 {looks sharper.} 19. Qd3 g5 20. h3 Re8 21. a4 a6) 19. Qd1 b6 20. Rxc8 Rxc8 21. Rc1 Rc6 22. Ne1 {[%cal Bf3e1,Be1d3,Bd3b4][%mdl 32]} Nd6 23. Nd3 g5 24. h3 Bf5 25. Rxc6 Qxc6 26. Nb4 Qb5 27. Qb3 Be6 28. Nd3 Qxb3 29. Nxb3 Nc4 30. Bc1 h5 31. Kf1 Kf7 32. Ke2 Bd6 33. Nd2 Na5 34. Nb1 Nc6 35. Be3 Bf5 36. Nc3 Ke6 37. a3 a6 38. Na4 Bc7 39. Nc3 h4 40. f3 Bg6 41. Kd2 Na5 {White should prevent ...Nc4+.} 42. Ke2 Nc4 {next ...Bxd3+ is good for Black.} 43. Bc1 a5 44. Nb5 Bb8 45. Nc3 Nd6 46. Be3 Bc7 47. b3 Be8 48. Bg1 Nf5 49. Kd2 Bd6 50. a4 Bc6 51. Bf2 Bb7 52. Bg1 Ba6 53. Ne2 Be7 54. Bh2 Bd8 55. Bg1 Bc7 56. Bf2 Ne7 57. Be3 Bd6 58. f4 Nf5 (58... Kf5 {seems wilder.} 59. fxg5 fxg5 60. Bf2 Ng6 61. Ke3 Ke6) 59. fxg5 Nxe3 60. Kxe3 ({Better is} 60. Ndf4+ $15 Bxf4 61. Nxf4+ Kd6 62. Kxe3 fxg5 63. Ng6) 60... fxg5 $15 {[%mdl 4096] Endgame KBB-KNN} 61. Nc3 Bb7 62. Kf3 Kf5 63. Nf2 Bb4 64. Nfd1 (64. Nb5 {feels hotter.} Ba6 65. Nc7 Bc8 66. Ng4 Bd2 67. Ne3+) 64... Bxc3 (64... Ke6 {with more complications.} 65. Nb5 Bd2 66. Nc7+ Kd7 67. Nb5 Bf4) 65. Nxc3 $11 {KB-KN. The position is equal.} Bc6 66. Nd1 Kf6 67. Ne3 Kg6 68. Ng4 {[#] Black must now prevent Ne5+.} Kf5 69. Ne3+ Kg6 70. g3 hxg3 71. Kxg3 Kf6 72. h4 gxh4+ 73. Kxh4 Ke6 74. Kg5 b5 75. axb5 Bxb5 76. Kf4 a4 {Accuracy: White = 51%, Black = 53%.} 1/2-1/2

[Event "RUS Rapid GP Top 16 2018"]
[Site "Khanty-Mansiysk"]
[Date "2018.12.01"]
[Round "2"]
[White "Shuvalova, Polina"]
[Black "Morozevich, Alexander"]
[Result "1-0"]
[WhiteElo "2411"]
[BlackElo "2696"]
[Annotator "TA"]
[PlyCount "97"]
[EventDate "2018.12.01"]
[EventType "swiss"]
[EventCountry "RUS"]
[SourceTitle "playchess.com"]
[Source "ChessBase"]
[SourceQuality "1"]

{[%evp 25,97,0,0,0,0,-1,0,0,0,0,15,4,20,35,42,0,0,0,0,0,0,0,10,0,0,-50,-35,-44,15,0,0,-79,0,0,0,0,0,0,0,0,0,0,28,0,64,0,79,0,35,62,52,45,197,157,528,429,508,491,583,570,625,623,678,572,29982,749,5610,720,29993,29994,29994,29995,29998,29999]} 1. e4 c5 2. Nf3 g6 3. d4 cxd4 4. Nxd4 Nf6 5. Nc3 d6 6. Be2 Bg7 7. O-O O-O 8. Re1 Nc6 9. Nb3 a6 10. Bf1 b5 {[%cal Bb7b5,Bb5b4][%mdl 32]} 11. a4 {B70: Sicilian Dragon: 6 g3 and 6 Be2 (without a later Be3)} b4 12. Nd5 Nd7 13. a5 Rb8 {LiveBook: 20 Games} 14. h3 (14. Ra2 e6 15. Ne3 Nf6 16. Nc4 d5 17. exd5 Nxd5 18. Ne3 Nce7 19. Nxd5 Nxd5 {½-½ (66) Kramnik,V (2810)-Mamedov,R (2684) Novi Sad 2016}) 14... e6 15. Ne3 $1 Nf6 16. Ng4 $146 ({Predecessor:} 16. Nc4 d5 17. exd5 Nxd5 18. Qf3 Qc7 {½-½ (38) Dzhumaev,M (2489)-Artemenko,O (2297) Tashkent 2011}) 16... Nxg4 17. hxg4 g5 18. Ra2 d5 19. exd5 exd5 20. Nc5 h6 21. Nxa6 ({Much weaker is} 21. Bxa6 Bxa6 22. Nxa6 Rb5 $17) 21... Ra8 22. Nc5 Rxa5 23. Rxa5 Nxa5 24. b3 Nc6 25. Bd2 Qd6 26. Nd3 f5 (26... Be6 $15) 27. gxf5 Bxf5 28. Be2 (28. Be3 $11 {remains equal.}) 28... Be4 (28... Bd4 $17 {Threatens to win with ...Bxd3.} 29. Kh1 Be4) 29. Bg4 Bd4 30. Be3 Qf6 31. Bxd4 Qxd4 32. Qe2 Kg7 33. Bd7 {[%cal Bg4d7,Bd7a4,Ba4b5][%mdl 32]} Nb8 34. Ba4 Rc8 (34... Na6 $11) 35. Qd2 (35. Nf4 $14 Kg8 36. c4 bxc3 37. Qg4) 35... Qc3 (35... Rc3 $11) 36. Qe3 (36. Qxc3+ $16 bxc3 37. Nb4) 36... Rc7 37. f3 Bxd3 38. cxd3 Na6 $2 {[#]} (38... Qf6 $1 $14) 39. Bb5 $36 {[%mdl 2048] White is on the roll.} Nc5 $2 (39... Nb8 $16 {is tougher.} 40. Kf1 Rf7) 40. Rc1 Qf6 41. Rxc5 Re7 42. Qf2 Qa1+ 43. Kh2 Re1 {intending ...Rh1+.} 44. Rc7+ Kg6 {[#] Strongly threatening ...Rh1+.} 45. d4 (45. Qb6+ $142 Qf6 46. Rc6 Qxc6 {[%mdl 64] Remove Defender} 47. Bxc6 Kf7 48. Bxd5+ Ke8 49. Qxh6 Kd7 50. Qc6+ Kd8 51. Qd6+ Ke8 52. Be6) 45... Rh1+ 46. Kg3 {White wants to mate with Qc2+.} Rc1 47. Be8+ {White mates.} Kf6 48. Rf7+ Ke6 49. Qe2+ {Accuracy: White = 65%, Black = 37%.} 1-0

[Event "RUS Rapid GP Top 16 2018"]
[Site "Khanty-Mansiysk"]
[Date "2018.12.01"]
[Round "2"]
[White "Kabanov, Nikolai"]
[Black "Ponkratov, Pavel"]
[Result "0-1"]
[WhiteElo "2403"]
[BlackElo "2658"]
[Annotator "TA"]
[PlyCount "116"]
[EventDate "2018.12.01"]
[EventType "swiss"]
[EventCountry "RUS"]
[SourceTitle "playchess.com"]
[Source "ChessBase"]
[SourceQuality "1"]

{[%evp 10,116,17,13,54,50,44,37,25,43,35,53,45,69,68,54,39,51,85,44,41,3,37,41,41,25,89,41,109,102,92,97,115,120,124,50,56,40,41,15,18,20,52,36,52,45,73,19,12,1,9,8,69,29,54,56,62,50,88,26,26,22,33,33,33,33,33,26,26,30,50,47,94,100,318,280,325,317,318,316,275,259,215,350,318,318,227,0,0,0,0,-8,-8,-8,-8,-8,-8,-1351,-1316,-5072,-5072,-5065,-5065,-5065,-5065,-5065,-5065,-5401,-5069]} 1. e4 c5 2. Nf3 d6 3. Bb5+ Nc6 4. c3 Nf6 5. Qe2 Bd7 6. d4 {LiveBook: 42 Games. B51: Sicilian: Moscow Variation (3 Bb5+) without 3...Bd7} e6 (6... cxd4 7. cxd4 e6 8. Nc3 a6 9. Bxc6 bxc6 10. O-O Be7 11. e5 Nd5 12. Ne4 dxe5 13. dxe5 O-O {0-1 (50) Najer,E (2626)-Belous,V (2554) Moscow 2013}) 7. d5 exd5 $146 ({Predecessor:} 7... Ne5 8. Nxe5 dxe5 9. dxe6 fxe6 10. Na3 Be7 11. Bg5 O-O 12. Rd1 Bxb5 13. Qxb5 Qc8 {1-0 (36) Manakova,M (2333)-Skakun,V (1855) Moscow 2010}) 8. exd5+ {White is slightly better.} Ne7 9. Bxd7+ Qxd7 10. c4 h6 11. O-O g5 12. Nc3 $36 {[%mdl 2048] Black is under pressure.} Bg7 13. Re1 Kf8 14. Rb1 Re8 15. Qd3 Ng6 (15... Qf5 $5 {[%cal Rf5d3]} 16. Qxf5 Nxf5 $14) 16. Rxe8+ Nxe8 17. h3 b6 (17... Bxc3 $1 $11 18. Qxc3 (18. bxc3 Nf6 $15) 18... Qf5) 18. Ne4 Nf6 {[#]} ({Black should try} 18... Ne5 $14 19. Nxe5 Bxe5) 19. Ng3 $1 $16 g4 20. hxg4 Nxg4 21. Qf5 Ke8 22. Nh5 (22. b4 $16) 22... Rg8 $1 $14 23. Nxg7+ Rxg7 24. Qxd7+ Kxd7 25. b3 f5 26. Bd2 Re7 27. Kf1 h5 28. g3 (28. a4 $16) 28... a6 $11 29. a4 Re8 30. Re1 N4e5 (30... Rxe1+ $1 $11 31. Bxe1 (31. Nxe1 b5 $11) 31... f4) 31. Ng5 h4 32. f4 Ng4 33. Rxe8 Kxe8 {[#]} 34. gxh4 (34. Ne6 $1 $16) 34... Nxh4 $14 {[%mdl 4096] Endgame KBN-KNN} 35. Ke2 Ng6 36. Ne6 Kd7 37. a5 bxa5 38. Bxa5 Nf6 $1 39. Ke3 Ne7 40. Ng7 Ng4+ 41. Kf3 Nh2+ $2 (41... Nf6 $16) 42. Kg3 Nf1+ 43. Kf2 Nh2 44. Bc3 Ng4+ 45. Kf3 Nh2+ 46. Kg3 Nf1+ 47. Kh4 Nh2 48. Kg5 $2 (48. Bf6 $18) 48... Nf3+ $11 49. Kf6 {Strongly threatening Kf7.} Nd4 $1 50. b4 ({Don't go for} 50. Bxd4 $2 cxd4 51. Kf7 d3 $19) 50... Ne2 {[%mdl 64] Double Attack} 51. Bd2 {Black must now prevent bxc5.} cxb4 52. Bxb4 {Hoping for Ne6.} Nxf4 53. Nxf5 $2 {[%mdl 8192] [#]} (53. Ba3 $11) 53... Nfxd5+ $1 {[%mdl 512] Black is clearly winning.} 54. cxd5 Nxd5+ {[%mdl 64] Double Attack} 55. Kg5 Nxb4 {KN-KN} 56. Kf4 Kc6 57. Ke4 Kc5 58. Nd4 Kc4 {Accuracy: White = 53%, Black = 46%.} 0-1

[Event "RUS Rapid GP Top 16 2018"]
[Site "Khanty-Mansiysk"]
[Date "2018.12.01"]
[Round "2"]
[White "Maletina, Tatiana"]
[Black "Bocharov, Dmitry"]
[Result "0-1"]
[WhiteElo "2239"]
[BlackElo "2684"]
[Annotator "RC"]
[PlyCount "54"]
[EventDate "2018.12.01"]
[EventType "swiss"]
[EventCountry "RUS"]
[SourceTitle "playchess.com"]
[Source "ChessBase"]
[SourceQuality "1"]
[TimeControl "900+10"]

1. d4 {[%emt 0:00:00]} Nf6 {[%emt 0:00:00]} 2. c4 {[%emt 0:00:00]} g6 {[%emt 0:00:00]} 3. f3 {[%emt 0:00:00]} Bg7 {[%emt 0:01:37]} 4. e4 {[%emt 0:00:00]} O-O {[%emt 0:00:05]} 5. Nc3 {[%emt 0:00:24]} d6 {[%emt 0:00:16]} 6. Be3 {[%emt 0:00:03]} a6 {[%emt 0:00:43]} 7. Nge2 {[%emt 0:01:44]} c6 {[%emt 0:00:50]} 8. c5 {[%emt 0:02:00]} Nbd7 {[%emt 0:00:18]} 9. Nc1 {[%emt 0:01:09]} dxc5 {[%emt 0:02:51]} 10. dxc5 {[%emt 0:00:01]} Qc7 {[%emt 0:00:02]} 11. Nd3 {[%emt 0:01:22]} Rd8 {[%emt 0:02:02]} 12. Qc2 {[%emt 0:00:02]} Ne5 {[%emt 0:00:19]} 13. Nxe5 {[%emt 0:00:04]} Qxe5 {[%emt 0:00:01]} 14. Be2 {[%emt 0:00:19]} Nh5 {[%emt 0:00:21]} 15. g3 {[%emt 0:00:38]} Bh3 {[%emt 0:00:33]} 16. Kf2 {[%emt 0:01:03]} Nf6 {[%emt 0:01:38]} 17. Rad1 {[%emt 0:01:13]} Nd7 {[%emt 0:00:27]} 18. Na4 {[%emt 0:02:09]} Nf8 {[%emt 0:00:54]} 19. Nb6 {[%emt 0:00:53]} Rab8 {[%emt 0:00:14]} 20. Bf4 {[%emt 0:00:37]} Qxb2 {[%emt 0:00:43]} 21. Qxb2 {[%emt 0:00:02]} Bxb2 {[%emt 0:00:01]} 22. Bxb8 {[%emt 0:00:02]} Rxb8 {[%emt 0:00:02]} 23. Nc4 {[%emt 0:00:26]} Bc3 {[%emt 0:00:50]} 24. g4 {[%emt 0:00:07]} Ne6 {[%emt 0:00:06]} 25. Kg3 {[%emt 0:00:06]} g5 {[%emt 0:00:01]} 26. Rd7 {[%emt 0:02:19]} Nf4 {[%emt 0:00:39]} 27. Bf1 {[%emt 0:01:56]} Be1# {[%emt 0:00:10]} 0-1

[Event "RUS Rapid GP Top 16 2018"]
[Site "Khanty-Mansiysk"]
[Date "2018.12.01"]
[Round "3"]
[White "Kokarev, Dmitry"]
[Black "Iljiushenok, Ilia"]
[Result "1-0"]
[WhiteElo "2698"]
[BlackElo "2607"]
[Annotator "TA"]
[PlyCount "123"]
[EventDate "2018.12.01"]
[EventType "swiss"]
[EventCountry "RUS"]
[SourceTitle "playchess.com"]
[Source "ChessBase"]
[SourceQuality "1"]

{[%evp 10,123,31,5,11,0,15,18,22,19,14,14,25,0,-8,0,-1,0,6,-7,-3,-20,-12,-10,-19,-23,-17,-16,-24,-48,-36,-75,-85,-85,-54,-62,-66,-86,-71,-69,-47,-70,-74,-77,-18,-22,52,45,56,52,52,34,50,17,45,32,22,0,93,101,108,111,131,125,134,125,221,204,307,288,290,300,327,306,326,331,309,295,302,244,319,314,626,570,616,574,498,380,536,470,1346,1239,1533,1602,1501,1499,1577,1527,29956,29957,6087,1539,1445,1243,2389,2484,2868,2162,2759,2481,29974,29975,29975,29976,29982,29984]} 1. e4 e5 2. Nf3 Nc6 3. Bb5 Nf6 4. d3 Bc5 5. Bxc6 dxc6 6. b3 {LiveBook: 12 Games. C65: Ruy Lopez: Berlin Defence (3...Nf6), unusual lines and 4 0-0 Bc5} (6. O-O {looks sharper.} Bd6 7. Bg5 O-O 8. Nbd2 h6 9. Bh4) (6. Nbd2 Be6 7. O-O Nd7 8. Nb3 Bb6 9. Ng5 Bxb3 10. axb3 f6 11. Nf3 Nf8 12. Nd2 Qd7 13. Nc4 Ne6 {½-½ (54) Saric,I (2689)-Caruana,F (2827) Batumi 2018}) 6... Qe7 7. Bb2 Bb4+ $146 ({Predecessor:} 7... Nd7 8. Nc3 O-O 9. Ne2 Ba3 10. Bxa3 Qxa3 11. O-O Qe7 12. Ng3 Nc5 13. b4 Na6 {1-0 (60) McShane,L (2645)-Parker,J (2531) England 2011}) 8. Nbd2 {[%cal Bb1d2,Bd2f1,Bf1g3][%mdl 32] The position is equal.} Bg4 9. c3 Bd6 10. h3 Bh5 11. Nf1 Nd7 12. Ng3 Bxf3 13. Qxf3 g6 14. O-O O-O-O 15. d4 Rdf8 16. Rfe1 Rhg8 17. dxe5 Bxe5 18. Qe3 Kb8 19. f4 Bd6 $1 {[%cal Rd6c5] Threatens to win with ...Bc5.} 20. b4 {aiming for e5.} f6 21. Rad1 Re8 22. a3 Nb6 23. Qf3 Qe6 24. Bc1 Nc4 25. Rd4 c5 26. Rdd1 cxb4 ({Black should try} 26... h5 $17) 27. cxb4 $11 g5 {[#]} ({Better is} 27... c6 $11) 28. e5 $1 $14 {[%cal Re5d6][%mdl 512]} fxe5 {[%cal Rg5f4]} 29. f5 Qf7 30. Ne4 {[%mdl 1024] White has compensation.} h6 31. Rf1 Rgf8 32. Qb3 Rd8 33. Rd3 Nb6 (33... c6 $11) 34. Qxf7 $16 Rxf7 35. g4 Be7 36. Rxd8+ Bxd8 {[#]} 37. h4 $1 {[%mdl 512]} Nd7 (37... Nc8 $16) (37... gxh4 38. Bxh6) 38. hxg5 $18 Bxg5 (38... hxg5 $142 39. Kg2 (39. Bxg5 Bxg5 40. Nxg5 Rg7 $11) 39... b6) 39. Bxg5 ({Less strong is} 39. Nxg5 hxg5 40. Kg2 (40. Bxg5 Rg7 $11) 40... c5 $16) 39... hxg5 {[%mdl 4096] Endgame KRN-KRN} 40. Kg2 b6 41. Kf3 Rg7 42. Rh1 c5 43. b5 Kc7 44. Rh5 c4 45. Rh6 Nc5 $2 (45... Kd8 46. Rh1 Nf8) 46. Rc6+ Kd7 {If Black can now play ...Nb3 this consolidates a bit.} 47. Nxc5+ bxc5 48. Rxc5 {KR-KR} Rh7 (48... Kd6 $142 49. Rxc4 Kd5) 49. Rxc4 Rh1 (49... Rh4 $142 50. f6 e4+ 51. Rxe4 Rh6 52. Re7+ Kd6) 50. Ke4 Re1+ 51. Kd5 Re2 52. a4 {[%cal Ba3a4,Ba4a5,Ba5a6][%mdl 32]} Re1 53. Re4 Rd1+ 54. Kxe5 Ke7 55. Rb4 (55. f6+ $142 Kf8 56. Kf5) 55... Re1+ 56. Kd5 {Threatening mate with Re4+.} Kd7 57. a5 Ra1 58. Ke5 Ke7 59. a6 Ra3 60. f6+ {White mates.} Kf7 61. Kf5 Rc3 62. Re4 {Accuracy: White = 65%, Black = 34%.} 1-0

[Event "RUS Rapid GP Top 16 2018"]
[Site "Khanty-Mansiysk"]
[Date "2018.12.01"]
[Round "3"]
[White "Morozevich, Alexander"]
[Black "Maletina, Tatiana"]
[Result "1-0"]
[WhiteElo "2696"]
[BlackElo "2239"]
[Annotator "TA"]
[PlyCount "55"]
[EventDate "2018.12.01"]
[EventType "swiss"]
[EventCountry "RUS"]
[SourceTitle "playchess.com"]
[Source "ChessBase"]
[SourceQuality "1"]

{[%evp 10,55,4,0,3,3,13,-14,-14,-17,10,4,13,27,197,179,198,177,283,233,521,514,489,476,468,438,443,441,643,629,621,613,923,892,1012,947,1006,954,1307,1179,1142,1000,29986,29987,29987,29980,2641,688]} 1. e4 {[%cal Be2e4,Be4e5][%mdl 32]} c6 {[%cal Bc7c6,Bc6c5][%mdl 32]} 2. d4 d5 3. e5 Bf5 4. f4 e6 5. Nf3 c5 6. Be3 {LiveBook: 3 Games. B12: Caro-Kann: Advance Variation} Qb6 (6... cxd4 7. Nxd4 Ne7 8. Bb5+ Nd7 9. O-O a6 10. Be2 g5 11. g4 gxf4 12. gxf5 Nxf5 13. Nxf5 fxe3 {0-1 (30) Morozevich,A (2758)-Ivanchuk,V (2705) Mallorca 2004}) 7. Nc3 Nc6 8. Na4 {The position is equal.} Qa5+ 9. c3 {[%cal Rd4c5]} cxd4 10. Nxd4 Nxd4 $146 ({Predecessor:} 10... Be4 11. Qb3 Qc7 12. Nb5 Qb8 {1-0 (23) Knutsen,K-Farmen,P Norway 1998}) 11. Bxd4 {b4 is the strong threat.} b5 $2 (11... Ne7 $11 {and Black is okay.}) 12. Nc5 $18 Bxc5 13. Bxc5 Rc8 (13... Ne7 {was worth a try.} 14. b4 Qc7 15. Bxb5+ Kf8) 14. b4 Qc7 $2 (14... Qa4 {keeps fighting.} 15. Qxa4 bxa4 16. Bb5+ Kd8) 15. Bxb5+ Kd8 16. O-O Ne7 17. g4 Be4 18. Re1 Bg6 {[#]} (18... Qb7 $142 19. c4 a6) 19. f5 $1 {[%mdl 512]} exf5 20. c4 Qb7 21. Qa4 Rxc5 22. bxc5 fxg4 23. cxd5 {[#] Hoping for d6.} Nxd5 24. Rad1 Kc7 25. Bc4 Rd8 26. Qa5+ Nb6 27. Rxd8 Kxd8 28. cxb6 {Accuracy: White = 78%, Black = 35%.} (28. Rd1+ $142 Ke8 29. Qb5+ {[%mdl 64] Pin} Ke7 30. Qb4 {[%mdl 64] Pin} (30. Rd6 Qe4 $16)) 1-0

[Event "RUS Rapid GP Top 16 2018"]
[Site "Khanty-Mansiysk"]
[Date "2018.12.01"]
[Round "3"]
[White "Bocharov, Dmitry"]
[Black "Yudin, Sergei"]
[Result "1-0"]
[WhiteElo "2684"]
[BlackElo "2643"]
[Annotator "TA"]
[PlyCount "110"]
[EventDate "2018.12.01"]
[EventType "swiss"]
[EventCountry "RUS"]
[SourceTitle "playchess.com"]
[Source "ChessBase"]
[SourceQuality "1"]

{[%evp 13,110,25,25,25,28,18,28,20,39,41,35,43,36,43,47,46,60,59,147,162,170,166,158,164,150,141,169,157,158,137,160,161,149,139,177,152,180,161,201,145,170,168,237,229,318,120,126,123,125,118,233,183,175,147,281,282,258,353,347,340,335,319,323,252,253,231,223,211,489,420,422,398,381,284,260,212,219,194,194,147,141,101,110,0,155,0,0,0,0,0,0,0,89,0,117,100,371,373,366]} 1. c4 e6 2. Nf3 d5 3. e3 c6 4. Nc3 f5 5. b3 Nf6 6. Bb2 Bd6 {A11: English Opening: 1...c6} 7. cxd5 exd5 {LiveBook: 3 Games} 8. g3 Nbd7 $146 {White has an edge.} ({Predecessor:} 8... O-O 9. Bg2 Nbd7 10. O-O Ne5 11. Nxe5 Bxe5 12. Qc2 Qe7 13. Ne2 Bd6 14. Nd4 {1-0 (63) Gritsak,O (2522)-Koziak,V (2489) Karpacz 2008}) 9. Ne2 Qe7 10. Bg2 Ne5 11. Nxe5 Bxe5 12. Bxe5 Qxe5 13. O-O O-O 14. b4 Qb2 15. a3 a5 (15... Qe5 $14) 16. Nc3 $1 $16 a4 17. Nxa4 Qe5 18. Nc5 Qd6 19. Qc2 Ng4 20. h3 Ne5 21. Rfc1 g5 22. f4 $1 {[%cal Rf4e5]} Nc4 23. Qc3 Qh6 24. Kh2 Rf7 25. Nd3 Rg7 26. Ne5 Nd6 27. d3 $1 Nb5 (27... Be6 {was worth a try.} 28. a4 Nf7) 28. Qb2 d4 29. Qf2 $2 (29. a4 $18 Nc3 30. exd4) 29... dxe3 30. Qxe3 {[%cal Re5c6] Threatens to win with Nxc6!} gxf4 31. gxf4 {[%cal Re5c6]} ({But not} 31. Qxf4 $6 Qxf4 32. gxf4 Nd4 $11) 31... Be6 (31... Qd6 $16) 32. Rg1 $1 $18 Rd8 33. Bf3 $40 {[%mdl 128] White goes for the king.} Kh8 (33... Nd4 $16 34. Rxg7+ Kxg7) 34. Rxg7 Qxg7 35. Rg1 Qf6 36. a4 Nd4 37. a5 Bg8 38. Bh1 Qd6 39. a6 ({Weaker is} 39. Qg3 Qf6 $16) 39... bxa6 40. Bxc6 ({Don't do} 40. Qg3 $6 Qf6 $16) 40... Nc2 $2 (40... Rc8 {is a better defense.}) 41. Qg3 {[%csl Gg1][%cal Rg3g7]} Qf6 42. Qf2 Nd4 43. Bh1 Rd6 44. Rc1 Rd8 45. Qe3 Qd6 46. Rc5 Ne6 47. Rc4 Nd4 48. Rc5 Ne6 $1 {[#]} 49. Rd5 $2 (49. Nc6 $1 $16 Rd7 50. Rxf5) 49... Qxb4 $11 50. Rxd8 Nxd8 51. d4 {[%cal Bd3d4,Bd4d5][%mdl 32]} Qb2+ $1 52. Kg3 {And now Nd3 would win.} Qb6 (52... Qb3 $11 53. Nd3 Nf7) 53. Qc3 (53. Bf3 $16) 53... Ne6 {[#]} (53... Qb3 $1 $11 {keeps the balance.} 54. Qxb3 Bxb3) 54. d5 $1 $16 {[%cal Re5g6]} Qg1+ $2 {[%mdl 8192]} (54... Ng7 $16) 55. Bg2 $18 {[%cal Re5g6]} Qd4 {Accuracy: White = 74%, Black = 28%.} 1-0

[Event "RUS Rapid GP Top 16 2018"]
[Site "Khanty-Mansiysk"]
[Date "2018.12.01"]
[Round "3"]
[White "Ponkratov, Pavel"]
[Black "Shuvalova, Polina"]
[Result "1-0"]
[WhiteElo "2658"]
[BlackElo "2411"]
[Annotator "TA"]
[PlyCount "103"]
[EventDate "2018.12.01"]
[EventType "swiss"]
[EventCountry "RUS"]
[SourceTitle "playchess.com"]
[Source "ChessBase"]
[SourceQuality "1"]

{[%evp 20,103,0,-9,-10,-26,-16,-33,0,0,0,0,3,0,0,4,54,22,55,53,54,14,30,5,65,53,60,41,47,45,87,85,107,0,0,0,32,30,42,44,50,50,50,34,46,50,62,64,102,83,92,94,86,77,84,0,0,0,80,54,80,72,146,146,214,207,208,193,225,220,214,221,217,213,285,287,812,753,1415,1432,1278,1272,1016,944,707,599]} 1. Nf3 Nf6 2. g3 d5 3. Bg2 e6 {[%cal Be7e6,Be6e5][%mdl 32]} 4. O-O c5 5. d4 cxd4 6. Nxd4 e5 7. Nb3 Be6 8. Nc3 Be7 {D02: 1 d4 d5 2 Nf3 sidelines, including 2...Nf6 3 g3 and 2...Nf6 3 Bf4} 9. f4 exf4 10. gxf4 g6 11. Nd4 {LiveBook: 5 Games} (11. Kh1 Nc6 12. Be3 O-O 13. Nd4 Bg4 14. f5 Re8 15. h3 Bh5 16. Qe1 Nxd4 17. Bxd4 {1-0 (28) Edouard,R (2638)-Cornette,M (2593) Nimes 2018}) 11... Nc6 12. Nxe6 fxe6 13. e4 {[%cal Re4d5]} dxe4 14. Nxe4 Nxe4 15. Bxe4 Qxd1 $146 ({Predecessor:} 15... Bc5+ 16. Kg2 {1-0 (36) Muthaiah,A (2316)-Bhambure,S (2108) Bhopal 2017}) 16. Rxd1 Bc5+ 17. Kg2 Ke7 18. c3 Rhf8 19. b4 $36 {[%mdl 2048] White has good play.} Bd6 $1 20. Rf1 Rac8 21. Be3 a6 (21... b6 $11) 22. Rad1 $14 Rf7 23. Rd3 {Black must now prevent Rfd1.} Bc7 24. a4 (24. c4 {seems wilder.} Ke8 25. b5 axb5 26. cxb5 Nb4 27. Bxb7 Nxd3 28. Bxc8 Nxf4+ 29. Bxf4 Rxf4 30. Rxf4 Bxf4 31. Bxe6 Bc7 32. h4) 24... Rd8 25. Rxd8 Kxd8 26. Bd2 ({White should try} 26. b5 $16 axb5 27. axb5) 26... Kc8 $11 27. Rf2 Bb6 28. Re2 Kd7 29. Kg3 Bc7 30. Kg4 Bd6 31. Be3 Kc7 32. Rd2 Rd7 33. b5 axb5 34. axb5 Na5 {...Nc4 would now be nice for Black.} 35. c4 {c5 is the strong threat.} b6 36. Ra2 Bb4 37. Kg5 Be7+ 38. Kg4 {Threatens to win with c5!} Bb4 39. Kf3 {Strongly threatening Ra4.} Rd1 40. Ra4 Bc3 (40... Rf1+ $142 41. Ke2 Re1+ 42. Kf2 Bc3) 41. c5 $1 $16 {[%cal Rc5b6]} bxc5 (41... Ra1 $16 42. cxb6+ Kc8 43. Rxa1 Bxa1) 42. Bxc5 $18 Rf1+ 43. Ke3 Ra1 44. b6+ $1 Kc8 {[#]} 45. b7+ $1 {[%mdl 576] Deflection} Nxb7 {[#]} 46. Rc4 $1 Re1+ 47. Kd3 Ba5 $2 (47... Nxc5+ 48. Rxc5+ Kd8 49. Rxc3 Rd1+ 50. Ke3 Rd6) 48. Bf2+ {White is clearly winning.} Kb8 49. Bxe1 Bxe1 50. Rc1 Bb4 51. Rb1 Nc5+ 52. Ke2 {Accuracy: White = 60%, Black = 47%.} 1-0